000 00830nam a22002177a 4500
999 _c61647
_d61647
005 20240408170530.0
008 240408s2007 enk||||| |||| 00| 0 eng d
020 _a9781416029731x
041 _aeng
080 _a616-091 R-66
245 _aRobbins Basic Pathology /
_cEdited by Vinay Kumar, Abul K. Abbas, Nelson Fausto, Richard N. Mitchell
264 _aPhiladelphia :
_b Saunders/Elsevier,
_c2007.
300 _a946 p.:
_bill.;
_c29 cm.
653 _aპათოლოგია
653 _aმედიცინა
700 _aKumar, Vinay
_eრედაქტორი
_921063
700 _aAbbas, Abul K.
_eრედაქტორი
_97106
700 _aFausto, Nelson
_eრედაქტორი
_921732
700 _aMitchell, Richard N.
_eრედაქტორი
_921733
942 _2udc
_cᲬᲘᲒᲜᲘ